<?xml version="1.0" encoding="UTF-8"?>
<record
    xmlns:xsi="http://www.w3.org/2001/XMLSchema-instance"
    xsi:schemaLocation="http://www.loc.gov/MARC21/slim http://www.loc.gov/standards/marcxml/schema/MARC21slim.xsd"
    xmlns="http://www.loc.gov/MARC21/slim">

  <leader>02230nam a22002657a 4500</leader>
  <controlfield tag="001">BRCA_9283</controlfield>
  <controlfield tag="003">FranzMayer</controlfield>
  <controlfield tag="005">20230724112733.0</controlfield>
  <controlfield tag="008">230721b        |||||||| |||| 00| 0 eng d</controlfield>
  <datafield tag="040" ind1=" " ind2=" ">
    <subfield code="a">MFM</subfield>
    <subfield code="b">esp</subfield>
    <subfield code="c">MFM</subfield>
  </datafield>
  <datafield tag="050" ind1=" " ind2=" ">
    <subfield code="a">LE52</subfield>
    <subfield code="b">C84 1776</subfield>
  </datafield>
  <datafield tag="082" ind1=" " ind2=" ">
    <subfield code="2">BX3651</subfield>
  </datafield>
  <datafield tag="100" ind1="1" ind2=" ">
    <subfield code="4">Autor</subfield>
    <subfield code="a">De la Cuesta, Leonardo Antonio</subfield>
    <subfield code="9">28917</subfield>
  </datafield>
  <datafield tag="240" ind1="1" ind2=" ">
    <subfield code="a">Estado Sagrado Chronologico Genealogico y Universal del mundo</subfield>
    <subfield code="h">Tomo VII. Desde su creaci&#xF3;n, hasta los presentes siglos, en que se dar&#xE1; noticia de los Patriarcas, Profetas, Pont&#xED;fices, Emperadores, Reyes, Escritores y otras personas Ilustres, con los Concilios, Cismas, Anti-papas, Heresiarcas, persecuciones de la Iglesia, y varios acaecimientos curiosos en que pueda divertirse todo genero de personas</subfield>
    <subfield code="l">espa&#xF1;ol</subfield>
  </datafield>
  <datafield tag="245" ind1="0" ind2=" ">
    <subfield code="a">Estado Sagrado Chronologico Genealogico y Universal del mundo</subfield>
    <subfield code="b">Tomo VII. Desde su creaci&#xF3;n, hasta los presentes siglos, en que se dar&#xE1; noticia de los Patriarcas, Profetas, Pont&#xED;fices, Emperadores, Reyes, Escritores y otras personas Ilustres, con los Concilios, Cismas, Anti-papas, Heresiarcas, persecuciones de la Iglesia, y varios acaecimientos curiosos en que pueda divertirse todo genero de personas</subfield>
  </datafield>
  <datafield tag="260" ind1=" " ind2=" ">
    <subfield code="a">Madrid, Espa&#xF1;a</subfield>
    <subfield code="b">Imprenta de D. Manuel Martin</subfield>
    <subfield code="c">1776</subfield>
  </datafield>
  <datafield tag="300" ind1=" " ind2=" ">
    <subfield code="a">365 p</subfield>
    <subfield code="c">16 cm</subfield>
  </datafield>
  <datafield tag="440" ind1=" " ind2=" ">
    <subfield code="a">Estado Sagrado Chronologico Genealogico y Universal del mundo</subfield>
    <subfield code="n">Desde su creaci&#xF3;n, hasta los presentes siglos, en que se dar&#xE1; noticia de los Patriarcas, Profetas, Pont&#xED;fices, Emperadores, Reyes, Escritores y otras personas Ilustres, con los Concilios, Cismas, Anti-papas, Heresiarcas, persecuciones de la Iglesia, y varios acaecimientos curiosos en que pueda divertirse todo genero de personas</subfield>
    <subfield code="p">Tomo VII</subfield>
    <subfield code="9">28918</subfield>
  </datafield>
  <datafield tag="500" ind1=" " ind2=" ">
    <subfield code="a">El libro contiene dos marcas al inicio, que hacen menci&#xF3;n a los lugares a los que perteneci&#xF3; con anterioridad.</subfield>
  </datafield>
  <datafield tag="500" ind1=" " ind2=" ">
    <subfield code="a">El libro tiene varias hojas da&#xF1;adas, correspondiente con da&#xF1;o por animales</subfield>
  </datafield>
  <datafield tag="505" ind1="0" ind2=" ">
    <subfield code="a">Texto en. espa&#xF1;olDirigido a: te&#xF3;logos, historiadores y antrop&#xF3;logos.Incluye &#xED;ndice (tem&#xE1;tico).</subfield>
  </datafield>
  <datafield tag="650" ind1="1" ind2=" ">
    <subfield code="2">Religi&#xF3;n</subfield>
    <subfield code="a">Estudios religiosos</subfield>
    <subfield code="v">Religi&#xF3;n cat&#xF3;lica</subfield>
    <subfield code="9">28919</subfield>
  </datafield>
  <datafield tag="651" ind1="2" ind2=" ">
    <subfield code="2">Biblia cat&#xF3;lica</subfield>
    <subfield code="a">Creaci&#xF3;n del mundo</subfield>
    <subfield code="v">Hombres destacables </subfield>
    <subfield code="9">28920</subfield>
  </datafield>
  <datafield tag="942" ind1=" " ind2=" ">
    <subfield code="2">lcc</subfield>
    <subfield code="c">B</subfield>
  </datafield>
  <datafield tag="999" ind1=" " ind2=" ">
    <subfield code="c">10903</subfield>
    <subfield code="d">10903</subfield>
  </datafield>
  <datafield tag="952" ind1=" " ind2=" ">
    <subfield code="0">0</subfield>
    <subfield code="1">0</subfield>
    <subfield code="2">lcc</subfield>
    <subfield code="4">0</subfield>
    <subfield code="7">0</subfield>
    <subfield code="8">CFM</subfield>
    <subfield code="a">BRCA</subfield>
    <subfield code="b">BRCA</subfield>
    <subfield code="d">2023-07-21</subfield>
    <subfield code="e">Donaci&#xF3;n</subfield>
    <subfield code="l">0</subfield>
    <subfield code="o">LE52 C84 1776</subfield>
    <subfield code="p">CFM00519</subfield>
    <subfield code="r">2023-07-21 00:00:00</subfield>
    <subfield code="w">2023-07-21</subfield>
    <subfield code="y">B</subfield>
  </datafield>
</record>
